000 00344pab a2200133 454500
008 180718b1986 xxu||||| |||| 00| 0 eng d
100 _aGuha, Amalendu
245 _aAn alternative approach to public policy
260 _c1986
300 _a439-48
650 _aPublic Policy
773 _aInternational Social Science Journal
909 _a16674
999 _c16674
_d16674